Gentilés de la métropole brestoise. Où habitent les ... - Statistiques

Statistiques générales
  • Ce quiz a été pris 64 fois
  • Le résultat moyen est 7 sur 8
Statistiques - réponses
Gentilé Commune % Correct
B Brestois Brest
100%
G Guipavasiens Guipavas
92%
B Boharsiens Bohars
88%
G Gouesnousiens Gouesnou
88%
P Plouzanéens Plouzané
88%
G Guilériens Guilers
82%
L Relecquois Le Relecq-Kerhuon
82%
P Plougastels Plougastel-Daoulas
78%
Aucun quiz correspondant
Distribution des résultats
% des personnes avec chaque résultat
Percentile par nombre de réponses
Votre historique - résultats
Vous n’avez pas pris ce quiz